Normal view
MARC view
- Kidwai,Nehal
Entry Personal Name
001 - CONTROL NUMBER
- control field: 1052
003 - CONTROL NUMBER IDENTIFIER
- control field: OSt
005 - DATE AND TIME OF LATEST TRANSACTION
- control field: 20160720104054.0
008 - FIXED-LENGTH DATA ELEMENTS
- fixed length control field: 160720|| aca||aabn | a|a d
040 ## - CATALOGING SOURCE
- Original cataloging agency: OSt
- Transcribing agency: OSt
100 ## - HEADING--PERSONAL NAME
- Personal name: Kidwai,Nehal
670 ## - SOURCE DATA FOUND
- Source citation: Work cat.: (OSt): Kidwai,Nehal, Arid Land Irrigation and Ecological Management, 2014
